Violencia de género y curriculum: un programa para la mejora de las relaciones interpersonales y la resolución de conflictos
Gespeichert in:
| Hauptverfasser: | , , , , , |
|---|---|
| Format: | Buch |
| Sprache: | Spanisch |
| Veröffentlicht: |
Málaga
Aljibe
2001
|
| Schriftenreihe: | Colección Orientación
|
| Schlagworte: | |
| Tags: |
Tag hinzufügen
Keine Tags, Fügen Sie den ersten Tag hinzu!
|
MARC
| LEADER | 00000nam a2200000 a 4500 | ||
|---|---|---|---|
| 001 | UCN2877 | ||
| 003 | CL-VaPUC | ||
| 008 | 010615e20010000SP |||||||||||||||||spa|d | ||
| 082 | 0 | 4 | |a 370.151 |b BAR |2 21 |
| 100 | 0 | |a Barragán, Fernando |e author |9 459106 | |
| 700 | 0 | |a Cruz, Juan Manuel de la |e author |9 459107 | |
| 700 | 0 | |a Doblas, José Juan |e author |9 459108 | |
| 700 | 0 | |a Mar Padrón, María del |e author |9 459109 | |
| 700 | 0 | |a Navarro, Ana |e author |9 459110 | |
| 700 | 0 | |a Alvarez, Francisco |e author |9 459111 | |
| 245 | 1 | 0 | |a Violencia de género y curriculum: un programa para la mejora de las relaciones interpersonales y la resolución de conflictos |
| 300 | |a 212 p | ||
| 942 | |c BK | ||
| 945 | |d 20010615 00:00:00 |a cmena | ||
| 260 | |a Málaga |b Aljibe |c 2001 | ||
| 650 | 0 | |a Relaciones interpersonales |9 307056 | |
| 650 | 0 | |a Psicología educacional |9 307830 | |
| 650 | 0 | |a Problemas sociales |9 258537 | |
| 650 | 0 | |a Planificación del currículo |9 269599 | |
| 650 | 0 | |a Currículo |9 307290 | |
| 583 | |a last modification |c 20010615 00:00:00 |k Rodrigo Vera | ||
| 490 | 0 | |a Colección Orientación | |
| 999 | |c 295896 |d 295894 | ||
| 952 | |0 0 |1 0 |4 0 |6 370_151000000000000_BAR_2001 |7 0 |8 A |9 349330 |a BIBEDU |b BIBEDU |d 2019-11-20 |i 3733157 |o 370.151 BAR 2001 |p 3733157 |r 2019-11-20 |w 2019-11-20 |y BK |k EPE | ||